Nursery Rhyme Time II Quiz Stats

 Plays Quiz Updated Oct 19, 2016

Also try: Nursery Rhyme Time
Challenge
Share
Tweet
Embed
Score 0/30 Timer 07:00
6 Plays Today
Question Answer % Correct
Besides 'everything nice,' name one other thing that little girls are made of.sugar and spice
96%
Where is the baby in 'Rock-a-Bye Baby?'in the tree top
92.5%
In 'Row, Row, Row Your Boat,' what is life like?a dream
91.3%
Where was Humpty Dumpty sitting before he fell?on a wall
91%
It's raining, it's pouring. Who is snoring?the old man
89.7%
Twinkle, twinkle.....what is the little star compared to?a diamond in the sky
89%
One, two, buckle my shoe.....what follows five, six?pick up sticks
86.9%
What did the itsy bitsy spider climb up?the water spout
85.2%
The first little piggy went to market; what did the third little piggy have?roast beef
82.3%
Name an occupation of one of those three men that were in a tub.butcher, baker, or candlestick maker
77.4%
The black sheep gave his three bags of wool to his master, the dame, and who else?the little boy who lives down the lane
71.2%
On which day of the week did Solomon Grundy get married?Wednesday
69.9%
Besides 'puppy dogs' tails,' name one other thing that little boys are made of.Snips and snails
69%
Diddle Diddle Dumpling, my son John, went to bed with one of these items on and one off.shoes
66.5%
Where does the 'Muffin Man' live?Drury Lane
58.6%
Question Answer % Correct
What did Old Mother Hubbard hope to find in her cupboard?a bone for her dog
52.9%
What is the name of the guy who put his wife in a pumpkin shell?Peter
50.5%
A tisket, a tasket, a ______ and ______ basket. Name the basket's 2 colors.green and yellow
48%
There was a little girl who had a little curl. Where was that curl?right in the middle of her forehead
45.1%
Tuesday's child is full of.....?grace
43.8%
What did the Knave of Hearts steal from the Queen of Hearts?tarts
43.7%
What did Lucy Locket lose?her pocket
36.3%
Where was I going when I met the man with 7 wives?to St. Ives
34.5%
What did Doctor Foster step in on his way to Gloucester?a puddle
28.3%
Where did Little Johnny Green put the pussycat?in the well
20.7%
The farmer takes a wife; the wife takes a child; the child takes a _____?nurse
17.3%
What did Daddy hope to get for his Baby Bunting when he went hunting?a rabbit skin
15.1%
What were on Bobby Shaftoe's knees when he went to sea?silver buckles
14.2%
So.....who *did* kill Cock Robin?the Sparrow, with his bow and arrow
12.4%
On what did Mother Goose ride through the air?a very fine gander
11.4%

You're not logged in!

Compare scores with friends on all Sporcle quizzes.
OR
Log In

You Might Also Like...

Show Comments

Extras

Top Quizzes Today


Score Distribution

Your Account Isn't Verified!

In order to create a playlist on Sporcle, you need to verify the email address you used during registration. Go to your Sporcle Settings to finish the process.

Report this User

Report this user for behavior that violates our Community Guidelines.

Details: